Catálogo de la Biblioteca Horacio González - Universidad Nacional de General Sarmiento

The matrix (Registro nro. 54091)

Detalles MARC
000 -CABECERA
campo de control de longitud fija 01241ngm a22003130a 4500
001 - NÚMERO DE CONTROL
campo de control PT14863
003 - IDENTIFICADOR DEL NÚMERO DE CONTROL
campo de control AR-LpoUNG
005 - FECHA Y HORA DE LA ÚLTIMA TRANSACCIÓN
campo de control 20210202000101.0
007 - CAMPO FIJO DE DESCRIPCIÓN FÍSICA--INFORMACIÓN GENERAL
campo de control de longitud fija vd cvaizq
008 - DATOS DE LONGITUD FIJA--INFORMACIÓN GENERAL
campo de control de longitud fija 191001s1999||||xxu|||||||||||||||||eng d
037 ## - FUENTE DE ADQUISICIÓN
Condiciones de disponibilidad $8.30
040 ## - FUENTE DE LA CATALOGACIÓN
Centro catalogador/agencia de origen AR-LpoUNG
Lengua de catalogación spa
Centro/agencia transcriptor AR-LpoUNG
Normas de descripción aacr
041 ## - CÓDIGO DE LENGUA
Código de lengua del texto/banda sonora o título independiente eng
-- spa
044 ## - CÓDIGO DEL PAÍS DE LA ENTIDAD EDITORA/PRODUCTORA
Código MARC del país xxu
082 0# - NÚMERO DE LA CLASIFICACIÓN DECIMAL DEWEY
Número de clasificación 808.838 113mat
100 1# - ENTRADA PRINCIPAL--NOMBRE DE PERSONA
Nombre de persona Wachowsky, Andy,
Término indicativo de función/relación dir.
245 14 - MENCIÓN DE TÍTULO
Título The matrix
260 ## - PUBLICACIÓN, DISTRIBUCIÓN, ETC.
Lugar de publicación, distribución, etc. s.l.
Nombre del editor, distribuidor, etc. Warner Home Video,
Fecha de publicación, distribución, etc. 1999.
300 ## - DESCRIPCIÓN FÍSICA
Extensión VHS (144 min.) : son., col.
505 0# - NOTA DE CONTENIDO CON FORMATO
Nota de contenido con formato Dialogos en Inglés, subtítulos en castellano
520 ## - SUMARIO, ETC.
Sumario, etc. Neo, a diferencia del resto de los humanos se propone averiguar la verdad de su existencia al precio que sea, en esta búsqueda da con Morfeo, quien posee la solución al enigma del universo. Todo lo que Neo piensa que es real, en verdad es una realidad virtual creada por una inteligencia artificial que controla las mentes humanas y aprovecha la energia de sus cuerpos para sus propios fines.
650 #4 - PUNTO DE ACCESO ADICIONAL DE MATERIA--TÉRMINO DE MATERIA
Término de materia o nombre geográfico como elemento de entrada INTELIGENCIA ARTIFICIAL
651 #4 - PUNTO DE ACCESO ADICIONAL DE MATERIA--NOMBRE GEOGRÁFICO
Nombre geográfico DOCUMENTOS TEORICOS O METODOLOGICOS
653 ## - TÉRMINO DE INDIZACIÓN--NO CONTROLADO
Término no controlado VIDEOS
700 1# - PUNTO DE ACCESO ADICIONAL--NOMBRE DE PERSONA
Nombre de persona Wachowsky, Larry
Término indicativo de función/relación dir.
710 2# - PUNTO DE ACCESO ADICIONAL--NOMBRE DE ENTIDAD CORPORATIVA
Nombre de entidad corporativa o nombre de jurisdicción como elemento de entrada Warner Bros (firma comercial : Estados Unidos)
905 ## - ELEMENTOS DE DATOS E LOCAL, LDE (RLIN)
a 14863
942 ## - ELEMENTOS DE PUNTO DE ACCESO ADICIONAL (KOHA)
Tipo de ítem Koha Video
Existencias
Estado de retiro Estado de pérdida Estado dañado No para préstamo Código de colección Localización permanente Ubicación/localización actual Fecha de adquisición Total de préstamos Signatura topográfica completa Código de barras Fecha visto por última vez Precio válido a partir de Tipo de ítem Koha
        Colección Cine Biblioteca Universidad Nacional de General Sarmiento Biblioteca Universidad Nacional de General Sarmiento 02/02/2021   808.838 113mat 00018311 02/02/2021 02/02/2021 Video